Adoniram Judson : (Record no. 10444)
[ view plain ]
| 000 -LEADER | |
|---|---|
| fixed length control field | 01226nam a2200313Ia 4500 |
| 001 - CONTROL NUMBER | |
| control field | 45098424 |
| 003 - CONTROL NUMBER IDENTIFIER | |
| control field | OCoLC |
| 005 - DATE AND TIME OF LATEST TRANSACTION | |
| control field | 20241126110732.0 |
| 008 - FIXED-LENGTH DATA ELEMENTS--GENERAL INFORMATION | |
| fixed length control field | 000929s2000 waub c b 000 0beng d |
| 020 ## - INTERNATIONAL STANDARD BOOK NUMBER | |
| International Standard Book Number | 1576581616 (pbk.) : |
| 020 ## - INTERNATIONAL STANDARD BOOK NUMBER | |
| International Standard Book Number | 9781576581612 |
| 040 ## - CATALOGING SOURCE | |
| Original cataloging agency | DPL |
| Transcribing agency | DPL |
| 082 ## - DEWEY DECIMAL CLASSIFICATION NUMBER | |
| Classification number | 266.0092 |
| Item number | BEN |
| 092 ## - LOCALLY ASSIGNED DEWEY CALL NUMBER (OCLC) | |
| Classification number | BIO JUDSO |
| 100 1# - MAIN ENTRY--PERSONAL NAME | |
| Personal name | Benge, Janet, |
| Dates associated with a name | 1958- |
| 9 (RLIN) | 17368 |
| 245 10 - TITLE STATEMENT | |
| Title | Adoniram Judson : |
| Remainder of title | bound for Burma / |
| Statement of responsibility, etc. | Janet & Geoff Benge |
| 260 ## - PUBLICATION, DISTRIBUTION, ETC. | |
| Place of publication, distribution, etc. | Seattle, WA : |
| Name of publisher, distributor, etc. | YWAM Pub., |
| Date of publication, distribution, etc. | 2022 |
| 300 ## - PHYSICAL DESCRIPTION | |
| Extent | 230 p. : |
| Other physical details | 1 map ; |
| Dimensions | 21 cm |
| 490 1# - SERIES STATEMENT | |
| Series statement | Christian heroes, then & now |
| 504 ## - BIBLIOGRAPHY, ETC. NOTE | |
| Bibliography, etc. note | Includes bibliographical references |
| 520 ## - SUMMARY, ETC. | |
| Summary, etc. | As America's first foreign missionary, Adoniram Judson worked to translate the Bible into Burmese. He survived starvation, imprisonment, and torture both on land and at sea only to watch his family, coworkers, and friends succumb to death |
| 600 10 - SUBJECT ADDED ENTRY--PERSONAL NAME | |
| Personal name | Judson, Adoniram, |
| Dates associated with a name | 1788-1850 |
| Form subdivision | Juvenile literature |
| 9 (RLIN) | 18165 |
| 630 00 - SUBJECT ADDED ENTRY--UNIFORM TITLE | |
| Uniform title | Bible. |
| Language of a work | Burmese. |
| Version | Judson |
| 9 (RLIN) | 18166 |
| 650 #0 - SUBJECT ADDED ENTRY--TOPICAL TERM | |
| Topical term or geographic name entry element | Missionaries |
| Form subdivision | Biography |
| -- | Juvenile literature |
| 9 (RLIN) | 18137 |
| 655 #0 - INDEX TERM--GENRE/FORM | |
| Genre/form data or focus term | Biography |
| 9 (RLIN) | 5066 |
| 700 1# - ADDED ENTRY--PERSONAL NAME | |
| Personal name | Benge, Geoff, |
| Dates associated with a name | 1954- |
| 9 (RLIN) | 17373 |
| 830 #0 - | |
| -- | Christian heroes, then & now |
| -- | 17374 |
| 942 ## - ADDED ENTRY ELEMENTS (KOHA) | |
| Source of classification or shelving scheme | Dewey Decimal Classification |
| Koha item type | Books |
| Koha issues (borrowed), all copies | 3 |
| Withdrawn status | Lost status | Source of classification or shelving scheme | Damaged status | Not for loan | Home library | Current Library | Shelving location | Date acquired | Total checkouts | Total renewals | Full call number | Barcode | Date last seen | Date last checked out | Copy number | Price effective from | Koha item type |
|---|---|---|---|---|---|---|---|---|---|---|---|---|---|---|---|---|---|
| Dewey Decimal Classification | GRACE BIBLE COLLEGE | GRACE BIBLE COLLEGE | Ministry & Mission | 2024-07-19 | 13 | 1 | 266.0092 BEN | 016969 | 2026-03-03 | 2026-03-02 | c.1 | 2024-07-19 | Books |